000 00522nmm a2200169Ia 4500
008 251105s9999||||xx |||||||||||||||||und||
020 _a9789587380859
041 _aspa
100 _aTorrijos, Vicente
245 0 _aAsuntos estratégicos, seguridad y defensa
264 _a[Bogotá, Colombia] :
_bUniversidad del Rosario,
_c2009
300 _a265 páginas
490 _aCiencia política y gobierno
650 _aPolitical Science (General)
856 _uhttps://public.digitaliapublishing.com/a/10220
942 _cCF
999 _c95667
_d95667